Manual of securities statistics

Enregistré dans:
Détails bibliographiques
Format: Livre
Langue:Undetermined
Publié: Tokyo Nomura Securities Co. 1973
Sujets:
Tags: Ajouter un tag
Pas de tags, Soyez le premier à ajouter un tag!
Thư viện lưu trữ: Trung tâm Học liệu Trường Đại học Cần Thơ
LEADER 00440nam a2200169Ia 4500
001 CTU_87843
008 210402s9999 xx 000 0 und d
082 |a 332.632 
082 |b M294 
245 0 |a Manual of securities statistics 
260 |a Tokyo 
260 |b Nomura Securities Co. 
260 |c 1973 
650 |a Securities 
650 |x Japan 
904 |i Trọng Hiếu 
980 |a Trung tâm Học liệu Trường Đại học Cần Thơ